| 000 | 00900nam a22002057a 4500 | ||
|---|---|---|---|
| 999 |
_c62556 _d62556 |
||
| 005 | 20241206105133.0 | ||
| 008 | 241206s2018 ru ||||| |||| 00| 0 rus d | ||
| 020 | _a9785001009788x | ||
| 041 | _arus | ||
| 080 | _a37.04 : 159.9 П-29 | ||
| 100 |
_aПетерсон, Кей _923880 |
||
| 245 |
_aВек живи - век учись : _bНайдите стиль обучения, подходящий именно вам / _cКей Петерсон, Колб Дэвид ; Перевод с англ. Н. Брагиной. |
||
| 264 |
_aМосква : _bМанн, Иванов и Фербер, _c2018. |
||
| 300 |
_a220 стр.; _b21 см. |
||
| 653 | _aსწავლის სტილი | ||
| 653 | _aფსიქოლოგია | ||
| 700 |
_aКолб, Н. _eავტორი _923881 |
||
| 700 |
_aБрагина, Н. _eმთარგმნელი _923882 |
||
| 942 |
_2udc _cᲬᲘᲒᲜᲘ |
||